000
003120000a22001450004500
003
MACL
040
_a
MACL
090
_c
43132
_d
43130
100
_a
Vasisht, Medha
245
_a
Counselling and Psychotherapy
260
_b
Authors Press
_c
2008
350
_a
175
650
_a
Psychology
942
_c
BOOK
_k
150/VAS
999
_c
42677
_d
42677